C-algebras and their automorphism groups

Zapisane w:
Opis bibliograficzny
1. autor: Pedersen, Gert K (Autor)
Format: Książka
Język:angielski
Wydane: Londres Academic Press 1979
Seria:L. M. S. Monographs, 14
Hasła przedmiotowe:
Etykiety: Dodaj etykietę
Nie ma etykietki, Dołącz pierwszą etykiete!

MARC

LEADER 00000nam a2200000 a 4500
001 UCQ9205
003 CL-VaPUC
008 981230e19790000UK |||||||||||||||||eng|d
082 0 4 |a 512.55  |b PED  |2 21 
100 0 |a Pedersen, Gert K  |e author  |9 423679 
245 1 0 |a C-algebras and their automorphism groups 
300 |a 416 p 
942 |c BK 
945 |d 19981230 00:00:00  |a crobeson 
260 |a Londres  |b Academic Press  |c 1979 
650 0 |a Álgebras C  |9 423070 
650 7 |a GRUPOS AUTOMORFICOS  |2 CL-VaPUC  |9 423680 
650 0 |a Representaciones de grupos   |9 417402 
650 0 |a Álgebras de Banach  |9 271249 
583 |a last modification  |c 19981230 00:00:00  |k Rodrigo Vera 
490 0 |a L. M. S. Monographs, 14 
999 |c 278291  |d 278289 
952 |0 0  |1 0  |4 0  |6 512_550000000000000_PED_1979  |7 0  |8 A  |9 316761  |a BIBMAT  |b BIBMAT  |d 2019-11-20  |i 1313207  |o 512.55 PED 1979  |p 1313207  |r 2025-01-07  |w 2019-11-20  |y BK  |k MAT